[Event "EU-chT Seniors 11th"]
[Site "Velden"]
[Date "2009.04.11"]
[Round "7"]
[White "Opl, Klaus"]
[Black "Rodriguez Vargas, Orestes"]
[Result "0-1"]
[WhiteElo "2359"]
[BlackElo "2406"]
[PlyCount "66"]
[EventDate "2009.04.05"]
[EventType "team-swiss"]
[EventRounds "9"]
[EventCountry "AUT"]
[SourceTitle "CBM 129 Extra"]
[Source "ChessBase"]
[SourceDate "2009.05.05"]
[SourceVersion "2"]
[SourceVersionDate "2009.05.20"]
[SourceQuality "1"]

1. d4 d5 2. Nf3 Nf6 3. e3 e6 4. Bd3 c5 5. b3 Nbd7 6. 0-0 Qc7 7. Nbd2 b6 8. e4 dxe4 9. Nxe4 Bb7 10. Qe2 Be7 11. Neg5 h6 12. Nxe6 fxe6 13. Bg6+ Kd8 14. Qxe6 Nf8 15. Qf7 Bd5 16. Ne5 Bxf7 17. Nxf7+ Ke8 18. Nxh8+ Nxg6 19. Nxg6 Kf7 20. Nxe7 Qxe7 21. dxc5 bxc5 22. c4 Rd8 23. Be3 Ng4 24. Rae1 Qe5 25. g3 Rd3 26. Bc1 Qh5 27. h4 Ne5 28. Re4 Rd1 29. Rf4+ Ke6 30. Be3 g5 31. hxg5 hxg5 32. Rf8 Nf3+ 33. Kg2 Nh4+ 0-1

[Event "EU-chT Seniors 11th"]
[Site "Velden"]
[Date "2009.04.09"]
[Round "5"]
[White "Rasmussen, Lars Bo"]
[Black "Rodriguez Vargas, Orestes"]
[Result "1/2-1/2"]
[WhiteElo "2057"]
[BlackElo "2406"]
[PlyCount "45"]
[EventDate "2009.04.05"]
[EventType "team-swiss"]
[EventRounds "9"]
[EventCountry "AUT"]
[SourceTitle "CBM 129 Extra"]
[Source "ChessBase"]
[SourceDate "2009.05.05"]
[SourceVersion "2"]
[SourceVersionDate "2009.05.20"]
[SourceQuality "1"]

1. d4 d5 2. g3 c6 3. Bg2 Bg4 4. h3 Bh5 5. Nf3 Nd7 6. 0-0 e6 7. Bf4 Ngf6 8. Nbd2 h6 9. c3 g5 10. Be5 Be7 11. Re1 0-0 12. g4 Bg6 13. Bh2 h5 14. Ne5 Nxe5 15. dxe5 Nd7 16. e4 hxg4 17. hxg4 Nc5 18. Qe2 d4 19. Nc4 dxc3 20. Rad1 Qc7 21. bxc3 Rad8 22. Nd6 f6 23. Nc4 1/2-1/2

[Event "EU-chT Seniors 11th"]
[Site "Velden"]
[Date "2009.04.06"]
[Round "2"]
[White "Rodriguez Vargas, Orestes"]
[Black "Happel, Henk"]
[Result "1-0"]
[WhiteElo "2406"]
[BlackElo "2177"]
[PlyCount "71"]
[EventDate "2009.04.05"]
[EventType "team-swiss"]
[EventRounds "9"]
[EventCountry "AUT"]
[SourceTitle "CBM 129 Extra"]
[Source "ChessBase"]
[SourceDate "2009.05.05"]
[SourceVersion "2"]
[SourceVersionDate "2009.05.20"]
[SourceQuality "1"]

1. d4 Nf6 2. c4 c5 3. d5 e5 4. Nc3 d6 5. e4 Nbd7 6. g3 Be7 7. Bg2 a6 8. a4 Rb8 9. f4 0-0 10. Nf3 Ne8 11. 0-0 Bf6 12. Qd3 Nc7 13. Be3 Re8 14. Rf2 Nf8 15. Raf1 Ng6 16. f5 Nf8 17. h4 b5 18. b3 bxc4 19. bxc4 Bd7 20. Bh3 Rb4 21. Ra1 Qe7 22. Kh2 Na8 23. a5 Reb8 24. Raa2 h5 25. Rg2 Qe8 26. Raf2 Ba4 27. g4 hxg4 28. Rxg4 Rb2 29. Bd2 Nh7 30. Rfg2 Kh8 31. h5 Bc2 32. Qe3 Bb3 33. h6 gxh6 34. Qxh6 Qf8 35. Qh5 Qe7 36. Rg5 1-0

[Event "EU-chT Seniors 10th"]
[Site "Dresden"]
[Date "2008.02.17"]
[Round "7.1"]
[White "Tseshkovsky, Vitaly"]
[Black "Rodriguez Vargas, Orestes"]
[Result "1-0"]
[WhiteElo "2504"]
[BlackElo "2428"]
[PlyCount "28"]
[EventDate "2008.02.11"]
[EventType "team-swiss"]
[EventRounds "9"]
[EventCountry "GER"]
[SourceTitle "CBM 122 Extra"]
[Source "ChessBase"]
[SourceDate "2008.03.04"]
[SourceVersion "1"]
[SourceVersionDate "2008.03.04"]
[SourceQuality "1"]
[WhiteTeam "Rostov Stiller Don"]
[BlackTeam "Catalunya"]
[WhiteTeamCountry "RUS"]
[BlackTeamCountry "ESP"]

1. e4 c5 2. Nc3 e6 3. Nge2 Nc6 4. d4 cxd4 5. Nxd4 a6 6. Be3 Nf6 7. Be2 d6 8. g4 Qc7 9. e5 Nd7 10. f4 Nxd4 11. Qxd4 b5 12. 0-0-0 Bb7 13. Kb1 Bc6 14. Rhe1 Rb8 1-0

[Event "EU-chT Seniors 10th"]
[Site "Dresden"]
[Date "2008.02.15"]
[Round "5.1"]
[White "Uhlmann, Wolfgang"]
[Black "Rodriguez Vargas, Orestes"]
[Result "1-0"]
[WhiteElo "2434"]
[BlackElo "2428"]
[PlyCount "111"]
[EventDate "2008.02.11"]
[EventType "team-swiss"]
[EventRounds "9"]
[EventCountry "GER"]
[SourceTitle "CBM 122 Extra"]
[Source "ChessBase"]
[SourceDate "2008.03.04"]
[SourceVersion "1"]
[SourceVersionDate "2008.03.04"]
[SourceQuality "1"]
[WhiteTeam "Germany"]
[BlackTeam "Catalunya"]
[WhiteTeamCountry "GER"]
[BlackTeamCountry "ESP"]

1. c4 e6 2. g3 d5 3. Bg2 Nf6 4. Nf3 c5 5. cxd5 exd5 6. d4 Nc6 7. Nc3 Be7 8. 0-0 0-0 9. b3 Ne4 10. Bb2 Bf6 11. Na4 Re8 12. Rc1 b6 13. dxc5 Bxb2 14. Nxb2 bxc5 15. Na4 Ba6 16. Re1 c4 17. Nd2 Qg5 18. Nxe4 dxe4 19. Qd6 Re6 20. Qf4 Qa5 21. Bxe4 Rae8 22. Nc3 Ne5 23. Red1 h6 24. Bd5 Rf6 25. Qd4 Nc6 26. Bxc6 Rxc6 27. Qd7 Rce6 28. Qxa7 cxb3 29. axb3 Qg5 30. e3 h5 31. Rd5 Qg6 32. Qd4 Bb7 33. Rd8 Rxd8 34. Qxd8+ Kh7 35. Rd1 Bf3 36. Re1 Rd6 37. Qh4 Qc2 38. Qb4 Rc6 39. Nb5 Rb6 40. Nd4 Qe4 41. Qc4 Rd6 42. Nxf3 Qxf3 43. Qf4 Qd5 44. e4 Qe6 45. e5 Rb6 46. b4 Rb5 47. Qd4 g6 48. h4 Rd5 49. Qc3 Rb5 50. Re3 Rd5 51. Kh2 Rb5 52. Qd4 Kg7 53. Re4 Kf8 54. Qd8+ Kg7 55. Qc7 Rb6 56. Qc4 1-0

[Event "EU-chT Seniors 10th"]
[Site "Dresden"]
[Date "2008.02.12"]
[Round "2.1"]
[White "Anderton, David William"]
[Black "Rodriguez Vargas, Orestes"]
[Result "0-1"]
[WhiteElo "2251"]
[BlackElo "2428"]
[PlyCount "82"]
[EventDate "2008.02.11"]
[EventType "team-swiss"]
[EventRounds "9"]
[EventCountry "GER"]
[SourceTitle "CBM 122 Extra"]
[Source "ChessBase"]
[SourceDate "2008.03.04"]
[SourceVersion "1"]
[SourceVersionDate "2008.03.04"]
[SourceQuality "1"]
[WhiteTeam "England"]
[BlackTeam "Catalunya"]
[WhiteTeamCountry "ENG"]
[BlackTeamCountry "ESP"]

1. d4 d5 2. c4 e6 3. Nc3 c5 4. cxd5 exd5 5. Nf3 Nc6 6. g3 Nf6 7. Bg2 Be7 8. 0-0 0-0 9. Bg5 cxd4 10. Nxd4 h6 11. Be3 Re8 12. Rc1 Bf8 13. Na4 Ne5 14. Nb5 Nc4 15. Bd4 Bg4 16. Nac3 Ne5 17. Nxa7 Qd7 18. Nab5 Bh3 19. Qb3 Rac8 20. Rfd1 Bxg2 21. Kxg2 Qf5 22. f3 Nc4 23. Rd3 Bc5 24. Bxc5 Rxc5 25. Nd4 Qg5 26. Re1 Nh5 27. Kf2 Nf4 28. gxf4 Qh4+ 29. Kf1 Qxh2 30. Nd1 Qxf4 31. e3 Qh2 32. Qb4 Rc7 33. Nf2 Rce7 34. Qc3 Re5 35. b3 Rg5 36. Ng4 Qh3+ 37. Kf2 Ne5 38. Rg1 h5 39. Rdd1 hxg4 40. f4 g3+ 41. Ke1 Qh2 0-1

[Event "EU-chT Seniors 09th"]
[Site "Dresden"]
[Date "2007.02.22"]
[Round "7"]
[White "Tseshkovsky, Vitaly"]
[Black "Rodriguez Vargas, Orestes"]
[Result "1/2-1/2"]
[WhiteElo "2520"]
[BlackElo "2409"]
[PlyCount "51"]
[EventDate "2007.02.16"]
[EventType "team-swiss"]
[EventRounds "9"]
[EventCountry "GER"]
[SourceTitle "CBM 117 Extra"]
[Source "ChessBase"]
[SourceDate "2007.05.09"]
[SourceVersion "1"]
[SourceVersionDate "2007.05.09"]
[SourceQuality "1"]

1. e4 c5 2. Nf3 d6 3. c3 Nf6 4. Be2 g6 5. 0-0 Bg7 6. d3 0-0 7. Na3 b6 8. Nc2 Bb7 9. h3 Nbd7 10. a4 a6 11. Be3 Qc7 12. Kh1 c4 13. dxc4 Nxe4 14. Nd2 Ne5 15. Nxe4 Bxe4 16. Bd4 Bxc2 17. Qxc2 Nxc4 18. Bxc4 Qxc4 19. Bxb6 a5 20. Rfd1 Rfb8 21. Bd4 e5 22. Be3 d5 23. Qd3 Qxd3 24. Rxd3 d4 25. cxd4 exd4 26. Bxd4 1/2-1/2

[Event "EU-chT Seniors 09th"]
[Site "Dresden"]
[Date "2007.02.17"]
[Round "2"]
[White "Liebert, Heinz"]
[Black "Rodriguez Vargas, Orestes"]
[Result "0-1"]
[WhiteElo "2271"]
[BlackElo "2409"]
[PlyCount "62"]
[EventDate "2007.02.16"]
[EventType "team-swiss"]
[EventRounds "9"]
[EventCountry "GER"]
[SourceTitle "CBM 117 Extra"]
[Source "ChessBase"]
[SourceDate "2007.05.09"]
[SourceVersion "1"]
[SourceVersionDate "2007.05.09"]
[SourceQuality "1"]

1. c4 e5 2. Nc3 d6 3. g3 g6 4. Bg2 Bg7 5. d3 f5 6. e4 Nf6 7. Nge2 c6 8. 0-0 0-0 9. d4 exd4 10. Nxd4 Nxe4 11. Nxe4 fxe4 12. Bxe4 Qf6 13. Be3 Nd7 14. Rc1 Ne5 15. f3 Bh3 16. Rf2 Qe7 17. Bf4 g5 18. Bxe5 Qxe5 19. Nb3 Qe7 20. Qd3 Be5 21. Rd1 Rf6 22. Re1 Raf8 23. Qe3 Qg7 24. Qxa7 h5 25. Kh1 R6f7 26. Qa3 Kh8 27. Nc1 h4 28. f4 Bd4 29. Rd2 gxf4 30. g4 f3 31. Red1 Qxg4 0-1

[Event "EU-chT Seniors 08th"]
[Site "Dresden"]
[Date "2006.02.21"]
[Round "5"]
[White "Meier, Wolfgang"]
[Black "Rodriguez Vargas, Orestes"]
[Result "1/2-1/2"]
[WhiteElo "2190"]
[BlackElo "2426"]
[PlyCount "92"]
[EventDate "2006.02.17"]
[EventType "team-swiss"]
[EventRounds "8"]
[EventCountry "GER"]
[SourceTitle "CBM 111 Extra"]
[Source "ChessBase"]
[SourceDate "2006.05.09"]
[SourceVersion "1"]
[SourceVersionDate "2006.05.09"]
[SourceQuality "1"]
[WhiteTeam "Dresden Lokomotiv"]
[BlackTeam "Catalunya"]
[WhiteTeamCountry "GER"]
[BlackTeamCountry "ESP"]

1. Nf3 d5 2. g3 c6 3. Bg2 Bg4 4. b3 Nd7 5. Bb2 Ngf6 6. d3 e6 7. 0-0 Bd6 8. c4 0-0 9. Qc2 e5 10. Nbd2 Re8 11. e4 a5 12. a3 dxe4 13. Nxe4 Nxe4 14. dxe4 Qf6 15. Nh4 Bc5 16. Kh1 g5 17. Nf5 Bxf5 18. exf5 Bd4 19. g4 Kg7 20. Rae1 Rad8 21. Bc1 b6 22. Be4 Nc5 23. Kg2 Rd7 24. Rh1 Nxe4 25. Rxe4 h6 26. h4 gxh4 27. Qd3 Rg8 28. Qh3 Kf8 29. Kf3 h5 30. g5 Rxg5 31. Bxg5 Qxg5 32. Rd1 Rd6 33. Rxh4 Rf6 34. Rxh5 Qf4+ 35. Kg2 Qxf2+ 36. Kh1 Qc2 37. Qd3 Qb2 38. a4 Qa3 39. Qg3 Qd6 40. Rh8+ Ke7 41. Qg7 Qc7 42. Qf8+ Kd7 43. Qe8+ Kd6 44. Qf8+ Kd7 45. Qe8+ Kd6 46. Qf8+ Kd7 1/2-1/2

[Event "EU-chT Seniors 08th"]
[Site "Dresden"]
[Date "2006.02.18"]
[Round "2"]
[White "Staller, Peter"]
[Black "Rodriguez Vargas, Orestes"]
[Result "1/2-1/2"]
[WhiteElo "2243"]
[BlackElo "2426"]
[PlyCount "65"]
[EventDate "2006.02.17"]
[EventType "team-swiss"]
[EventRounds "8"]
[EventCountry "GER"]
[SourceTitle "CBM 111 Extra"]
[Source "ChessBase"]
[SourceDate "2006.05.09"]
[SourceVersion "1"]
[SourceVersionDate "2006.05.09"]
[SourceQuality "1"]
[WhiteTeam "Hessen"]
[BlackTeam "Catalunya"]
[WhiteTeamCountry "GER"]
[BlackTeamCountry "ESP"]

1. Nf3 d5 2. b3 c5 3. e3 Bg4 4. Bb2 Nf6 5. Be2 e6 6. Ne5 Bxe2 7. Qxe2 Nbd7 8. f4 Be7 9. 0-0 0-0 10. d3 Nxe5 11. Bxe5 Nd7 12. Bb2 Bf6 13. c4 Qa5 14. e4 Bxb2 15. Qxb2 b5 16. Nd2 Rad8 17. Rf3 bxc4 18. bxc4 Rb8 19. Nb3 Qb4 20. Qc2 a5 21. Rff1 a4 22. Nd2 d4 23. Rfc1 f5 24. Rab1 Qa3 25. exf5 exf5 26. Rb5 Rxb5 27. cxb5 Qb4 28. Nc4 Qxb5 29. Qe2 Qc6 30. Qe7 Rf7 31. Qe8+ Rf8 32. Qe7 Rf7 33. Qe8+ 1/2-1/2

[Event "EU-chT Seniors 07th"]
[Site "Dresden"]
[Date "2005.02.24"]
[Round "7"]
[White "Rodriguez Vargas, Orestes"]
[Black "Kortschnoj, Viktor Lvovich"]
[Result "1-0"]
[WhiteElo "2439"]
[BlackElo "2617"]
[PlyCount "111"]
[EventDate "2005.02.18"]
[EventType "team-swiss"]
[EventRounds "8"]
[EventCountry "GER"]
[SourceTitle "EXT 2006"]
[Source "ChessBase"]
[SourceDate "2005.11.24"]
[SourceVersion "1"]
[SourceVersionDate "2005.11.24"]
[SourceQuality "1"]

1. d4 Nf6 2. Nf3 e6 3. e3 c5 4. Bd3 d5 5. b3 Qa5+ 6. c3 Nc6 7. 0-0 Be7 8. Bb2 0-0 9. Nbd2 Qc7 10. c4 dxc4 11. bxc4 Rd8 12. Qe2 b6 13. Rac1 Bb7 14. Rfd1 g6 15. Bb1 Rd7 16. dxc5 bxc5 17. Nb3 Rxd1+ 18. Rxd1 Ne8 19. Be4 a5 20. a3 a4 21. Nbd2 Bf6 22. Bxf6 Nxf6 23. Bc2 Ne5 24. Rb1 Bc6 25. h3 Rd8 26. e4 Rb8 27. Rxb8+ Qxb8 28. Qe3 Nxf3+ 29. Nxf3 Nd7 30. Qc3 Qc7 31. g3 e5 32. h4 f6 33. g4 h6 34. g5 fxg5 35. hxg5 h5 36. Qd2 Kf7 37. Qd1 Nb6 38. Bd3 Qd6 39. Qb1 Nd7 40. Bf1 Qe6 41. Nh2 Ke7 42. Qe1 Qf7 43. Qe3 Qf4 44. Bd3 Kd6 45. Nf3 Qg4+ 46. Kh2 Kc7 47. Bc2 Kb6 48. Bd3 h4 49. Bc2 Kc7 50. Ne1 Kd6 51. Nf3 h3 52. Ne1 Nb6 53. Bd3 Qd1 54. Nf3 Qa1 55. Be2 Bd7 56. Qd2+ 1-0

[Event "EU-chT Seniors 07th"]
[Site "Dresden"]
[Date "2005.02.23"]
[Round "6"]
[White "Opl, Klaus"]
[Black "Rodriguez Vargas, Orestes"]
[Result "0-1"]
[WhiteElo "2324"]
[BlackElo "2439"]
[PlyCount "66"]
[EventDate "2005.02.18"]
[EventType "team-swiss"]
[EventRounds "8"]
[EventCountry "GER"]
[SourceTitle "EXT 2006"]
[Source "ChessBase"]
[SourceDate "2005.11.24"]
[SourceVersion "1"]
[SourceVersionDate "2005.11.24"]
[SourceQuality "1"]

1. e4 c5 2. Nc3 e6 3. f4 d5 4. exd5 exd5 5. Bb5+ Nc6 6. Nf3 Nf6 7. 0-0 Be7 8. Bxc6+ bxc6 9. b3 0-0 10. Ne5 Qc7 11. Ba3 Bd6 12. Qf3 Re8 13. Rae1 Ba6 14. d3 Bb5 15. Qf2 d4 16. Ne4 Nxe4 17. Rxe4 f6 18. Nc4 Bxc4 19. bxc4 Kf8 20. Qh4 h6 21. Qh5 Qf7 22. Qf3 f5 23. Rxd4 cxd4 24. Bxd6+ Kg8 25. Qxc6 Rac8 26. Qf3 Re3 27. Qf2 Qh5 28. Re1 Rce8 29. Be5 g5 30. g3 gxf4 31. gxf4 Re6 32. Rxe3 dxe3 33. Qxe3 Rg6+ 0-1

[Event "EU-chT Seniors 07th"]
[Site "Dresden"]
[Date "2005.02.21"]
[Round "4"]
[White "Turikov, Viktor"]
[Black "Rodriguez Vargas, Orestes"]
[Result "1/2-1/2"]
[WhiteElo "2351"]
[BlackElo "2439"]
[PlyCount "121"]
[EventDate "2005.02.18"]
[EventType "team-swiss"]
[EventRounds "8"]
[EventCountry "GER"]
[SourceTitle "EXT 2006"]
[Source "ChessBase"]
[SourceDate "2005.11.24"]
[SourceVersion "1"]
[SourceVersionDate "2005.11.24"]
[SourceQuality "1"]

1. e3 g6 2. Nf3 Bg7 3. c4 c5 4. Be2 Nf6 5. Nc3 0-0 6. 0-0 Nc6 7. a3 d5 8. cxd5 Nxd5 9. Qc2 b6 10. d3 Bb7 11. Bd2 Rc8 12. Qa4 e6 13. Rab1 a6 14. Nxd5 exd5 15. Qf4 b5 16. Rfc1 Qe7 17. Bf1 Rfe8 18. Bc3 d4 19. exd4 cxd4 20. Bd2 Qd7 21. Re1 Ne7 22. Rbc1 h6 23. Bb4 Nd5 24. Qd6 Qf5 25. Rxe8+ Rxe8 26. Bd2 g5 27. Qc5 Qf6 28. Qa7 Ba8 29. Re1 Rd8 30. Ba5 Rc8 31. Qd7 Rf8 32. Nd2 Bc6 33. Qa7 Ra8 34. Qc5 Bf8 35. Qc1 Rc8 36. Ne4 Qg6 37. Qd1 Nf4 38. Bd2 Ne6 39. Ng3 Bd5 40. Re5 Bb7 41. Re1 Bd6 42. Ne4 Bf4 43. Bxf4 Nxf4 44. Qd2 Kg7 45. Qb4 Ne6 46. Nd6 Rb8 47. Nxb7 Rxb7 48. Qd6 Qf5 49. g3 b4 50. Bg2 Rb5 51. a4 Rc5 52. Qxa6 Rc2 53. Rf1 Rxb2 54. Be4 Qc5 55. Qb5 b3 56. Bd5 Qxb5 57. axb5 Nc5 58. b6 Rc2 59. Bxb3 Rb2 60. Bc4 Rxb6 61. Ra1 1/2-1/2